000 00480nam a2200181Ia 4500
003 OSt
005 20140325143151.0
008 140130s9999 xx 000 0 und d
020 _a075341080X
050 _aREF 523.8022
_bG875 2003
100 _aWilkilson, Philip
245 _cPhilip Wilkilson
_aThe grolier world atlas (w/CD) /
260 _bScholastic,
_c2003.
_aSingapore :
300 _a128 p. :
_bcol. ill. ;
_c28 cm.
440 _v1
942 _cBK
_2lcc
999 _c41788
_d41788